000 00917nam a2200265 4500
005 20160624152406.0
008 160624s2000 ck aao||r|||| 00| 0 spa d
040 _aCO-BoIAVH
_cCO-BoIAVH
041 0 _aspa
044 _ako
082 0 4 _a577.3028
_bK29m
100 1 _aKeller, Gordon
_eautor
245 1 0 _aManual de prácticas mejoradas de caminos forestales (PMC's) /
_cKeller Gordon y James Sherar
260 _aHonduras :
_bESNACIFOR :
_bUSAID,
_c2000.
300 _a95 páginas :
_bilustraciones y fotografías a color ;
_c28 x 21 cm.
500 _aIncluye glosario.
650 2 6 _aRecursos forestales
650 2 6 _aCaminos
_vManuales
650 2 6 _aSuelo forestal
650 2 4 _aCaminos forestales
_vManuales
700 1 _aSherer, James
_eautor
700 1 _aMedina, Roberto
_etraductor
700 1 _aOrtíz, Atilio
_etraductor
942 _cLIBRO
_2ddc
999 _c5596
_d5596